Urban development in India, since pre-historic times / (Record no. 18476)
[ view plain ]
| 000 -LEADER | |
|---|---|
| fixed length control field | 00878nam a2200277 i 4500 |
| 001 - CONTROL NUMBER | |
| control field | 18476 |
| 003 - CONTROL NUMBER IDENTIFIER | |
| rucl marc code | BD-RjUL |
| 005 - DATE AND TIME OF LATEST TRANSACTION | |
| control field | 20211209000306.0 |
| 008 - FIXED-LENGTH DATA ELEMENTS--GENERAL INFORMATION | |
| fixed length control field | 140220s1979 ii b 001 0 eng |
| 035 ## - SYSTEM CONTROL NUMBER | |
| System control number | (BD-RjUL)18534 |
| 040 ## - CATALOGING SOURCE | |
| Original cataloging agency | DLC |
| Transcribing agency | BD-RjUL |
| Modifying agency | BD-RjUL |
| Language of cataloging | eng |
| 041 ## - LANGUAGE CODE | |
| Language code of text/sound track or separate title | eng |
| 082 00 - DEWEY DECIMAL CLASSIFICATION NUMBER | |
| Classification number | 307.760 |
| Author mark and year | BHU 1979 |
| 100 1# - MAIN ENTRY--PERSONAL NAME | |
| Personal name | Bhattacharya, Bimalendu, |
| Dates associated with a name | 1931- |
| 9 (RLIN) | 56926 |
| 245 10 - TITLE STATEMENT | |
| Title | Urban development in India, since pre-historic times / |
| Statement of responsibility, etc. | B. Bhattacharya. |
| 250 ## - EDITION STATEMENT | |
| Edition statement | 1st ed. |
| 260 ## - PUBLICATION, DISTRIBUTION, ETC. (IMPRINT) | |
| Place of publication, distribution, etc. | Delhi : |
| Name of publisher, distributor, etc. | Shree Pub. House ; |
| Place of publication, distribution, etc. | Hathras : |
| Name of publisher, distributor, etc. | distributors, Jain Book Depot, |
| Date of publication, distribution, etc. | 1979. |
| 300 ## - PHYSICAL DESCRIPTION | |
| Pagination | vii, 360 p. ; |
| Size | 22 cm. |
| 500 ## - GENERAL NOTE | |
| General note | Includes index. |
| 504 ## - BIBLIOGRAPHY, ETC. NOTE | |
| Bibliography, etc | Bibliography: p. [335]-341. |
| 650 #0 - SUBJECT ADDED ENTRY--TOPICAL TERM | |
| Topical term or geographic name as entry element | Urbanization |
| Geographic subdivision | India |
| General subdivision | History. |
| 9 (RLIN) | 56927 |
| Topical term or geographic name as entry element | Cities and towns |
| Geographic subdivision | India |
| General subdivision | Growth |
| -- | History. |
| 9 (RLIN) | 56928 |
| 942 ## - ADDED ENTRY ELEMENTS (KOHA) | |
| Source of classification or shelving scheme | Dewey Decimal Classification |
| Koha item type | Books |
| Lost status | Source of classification or shelving scheme | Damaged status | Not for loan | Collection code | Permanent Location | Current Location | Shelving location | Date acquired | Source of acquisition | Cost, normal purchase price | Total Checkouts | Full call number | Date last seen | Copy number | Koha item type |
|---|---|---|---|---|---|---|---|---|---|---|---|---|---|---|---|
| Dewey Decimal Classification | Not For Loan | Non-fiction | Central Library, University of Rajshahi | Central Library, University of Rajshahi | Reading Room | 05/12/1983 | Paragon Enterprises | 0.00 | 307.760 BHU 1979 | 20/02/2014 | C-1 | Books |